000 00229nam a22000857a 4500
999 _c1156
_d1156
003 OSt
005 20171113140519.0
008 160629b xxu||||| |||| 00| 0 eng d
020 _a9788170633099
040 _cHOME SCIENCE
100 _91398
_a Das, A., et al
245 _aHome Science - XI
260 _aNew Delhi
_bArya Publication
_c2005
942 _2ddc
_cREF